| 000 | 00708nam a2200205 a 4500 | ||
|---|---|---|---|
| 003 | SISC | ||
| 005 | 20160610152742.0 | ||
| 008 | 110928s19uu xx 00 eng d | ||
| 020 | _a9780736074292 | ||
| 050 |
_aGV 706.5 _b.Sh535 2009 |
||
| 100 | _aShields, David Lyle. | ||
| 245 |
_aTrue competition : _ba guide to pursuing excellence in sport and society / _cDavid Light Shields, Brenda Light Breremeier. |
||
| 260 |
_aIL, USA : _bHuman Kinetics, _c2009. |
||
| 300 |
_a239 pages : _c27 cm. _billustrations ; |
||
| 500 | _aIncludes bibliographical references and index. | ||
| 650 |
_aSports _xSociological aspects. |
||
| 650 |
_aSports _xPsychological aspects. |
||
| 942 |
_cBK _2lcc _kFOR |
||
| 999 |
_c24898 _d24898 |
||